Sondatges de l'atmosfera lliure a Barcelona, amb globus pilots, durant els anys 1932 i 1933 / per Gabriel Campo
Descripción Física:
p. 451 a 583 ; 23 cm
Colección:
Notes d'estudi ; 57
Otros Autores:
Servei Meteorològic de Catalunya
MARC
| LEADER | 00000nam a2200000Ia 4500 | ||
|---|---|---|---|
| 001 | 9262 | ||
| 008 | 160829s1934 xx 000 0 cat d | ||
| 080 | |a C-2-148 | ||
| 100 | |a Campo, Gabriel |9 20168 | ||
| 245 | |a Sondatges de l'atmosfera lliure a Barcelona, amb globus pilots, durant els anys 1932 i 1933 / per Gabriel Campo | ||
| 260 | |a Barcelona : |b Generalitat de Catalunya, Servei Meteorològic de Catalunya, |c 1934 | ||
| 300 | |a p. 451 a 583 ; |c 23 cm | ||
| 490 | |a Notes d'estudi ; 57 | ||
| 650 | |a Meteorologia |x Barcelona |x Observacions |9 20169 | ||
| 700 | |a Servei Meteorològic de Catalunya |9 35488 | ||
| 901 | |a Arxiu | ||
| 942 | |n 1 | ||
| 952 | |0 0 |1 0 |4 0 |6 C2148 |7 1 |9 41471 |a Arxiu |b Arxiu |d 2016-12-01 |l 0 |o C-2-148 |p 9262 |r 2016-12-01 00:00:00 |w 2016-12-01 |y ARXIU | ||
| 999 | |c 43279 |d 43279 | ||